| 000 | 00812nam a22002177a 4500 | ||
|---|---|---|---|
| 999 |
_c2641 _d2641 |
||
| 003 | AR-CdUCM | ||
| 008 | 190305b ||||| |||| 00| 0 spa d | ||
| 020 | _a978-612-00-0941-3 | ||
| 040 |
_aMUNICIPALIDAD PROVINCIAL DEL CUSCO _cBIBLIOTECA MUNICIPAL DEL CUSCO |
||
| 082 |
_a869.56 / _bUS89 |
||
| 100 |
_aUscamayta Lazo, Flavio _99287 |
||
| 245 | _aLos Andes en Épica / | ||
| 260 |
_aCusco : _bBatolomé de las Casas, _c2012. |
||
| 300 |
_a207 páginas; _bláminas, ilustraciones, _c21 cm. |
||
| 505 | _aContenido: ¡Salve Cusco Inmortal! -- Tupaq Amaru esta vivo -- ¡Canas revolucionaria! -- ¡Oh Machu Picchu Esplendoroso! -- Micaela Bastidas Phuyuqhawa ... | ||
| 650 |
_aLiteratura Cusqueña _97280 |
||
| 650 |
_aPoesía Cusqueña _92323 |
||
| 650 |
_aSiglo XX _98 |
||
| 942 |
_2ddc _cLIBROS |
||
| 945 | _aachl | ||